Tiszatáj 1978/2
Elmentve itt :
| Dokumentumtípus: | Folyóirat |
|---|---|
| Megjelent: |
1978
|
| Sorozat: | Tiszatáj
32 No. 2 |
| Online Access: | http://tiszataj.bibl.u-szeged.hu/215 |
| LEADER | 00437nas a2200145 i 4500 | ||
|---|---|---|---|
| 001 | tisza215 | ||
| 005 | 20200415090935.0 | ||
| 008 | 160906s1978 hu o 0|| hun d | ||
| 022 | |a 0133-1167 | ||
| 040 | |a SZTE Tiszatáj Archívum |b hun | ||
| 041 | |a hun | ||
| 245 | 0 | 0 | |a Tiszatáj 1978/2 |h [elektronikus dokumentum] |
| 260 | |c 1978 | ||
| 490 | 0 | |a Tiszatáj |v 32 No. 2 | |
| 856 | 4 | 0 | |u http://tiszataj.bibl.u-szeged.hu/215/1/tiszataj_1978_002.pdf |z Dokumentum-elérés |